Themed General Knowledge Questions #8 - Statistics

General Stats
  • This quiz has been taken 41 times
    25 since last reset
  • The average score is 5 of 10
Answer Stats
Question Answer % Correct
What animal was Hannibal famous for using in his conquests? Elephants
91%
What fits in the missing section of the question mark? 1/2, 1/3, 1/4, ? , 1/6. 1/5
77%
The person who invented morse code also invented what? The telegraph
73%
Which of these are NOT capitals of South Africa? Johannesburg
59%
Which of these instruments has the biggest note range? Organ
55%
Which of these animals were once considered 'unclean' to the Israelites? Lobster
41%
Which of these foods weren't from the new world? Coffee
36%
What is the heaviest element in the periodic table? Oganesson
32%
What is the best selling children's book? The Little Prince
23%
What plant is the most cultivated, as of 2024? Corn
9%
No matching quizzes found
Score Distribution
Percent of People with Each Score
Percentile by Number Answered
Your Score History
You have not taken this quiz since the last reset